00479 a2200145 4500010001400000020001000014035001300024037001800037082001300055100001000068245011200078260003700190270007700227300002900304 aENG-85502 c80.00 aEN-69035 bD.B.Act / Pub14a371.30781 aMeenu1 aEducational technology laboratory in teachereducation institutionscby Meenubhandbook for teacher educator aNew DelhibArya Book Depotc2007 aKarol BaghbNew Delhie110 005k011-25721221, 011-25720363l011-25746324 axii, 80 p.c24 cm (Pbk.)